00904nac a22002411u 4500010001600000020001700016082001800033090001500051100003400066245011900100250001200219260004300231300003500274500002700309504003000336511002800366650004700394650004000441700004000481942002000521999001500541952010600556 a 82023393 a0070360995 :00a620.0076bLAL c7075d7075 aLa Londe, William S. 10aProfessional engineers' examination questions and answers /cWilliam S. La Londe, Jr., William J. Stack-Staikidis. a4th ed. aNew York :bMcGraw-Hill,c1984.cc1984. axiii, 539 p. :bill. ;c21 cm. aDistributer: Al-Ahram. aBibliography: p. 535-539. aCatalogued By: Mahitab. 0aEngineeringxExaminations, questions, etc. 0aEngineersxLicenseszUnited States.2 aStack-Staikidis, William J.,d1929- cBBk620.0076LAL c7075d7075 00104070aMAINbMAINc1STd2016-12-07ePurchasel0o620.0076LALp000008469r2025-07-15 00:00:00yBB